00681nam a22002057a 450000500170000001000140001702000100003103500130004103700130005408200110006710000240007824500540010226000410015627000410019730000210023850000400025994200250029999900170032495201340034120100811161842.0 aENG-99773 c40.00 aEN-83305 bDBAD/PUB a230.64 aAnuradha, R.911894 aNamakkal cave temples revisited /cby R. Anuradha aSalembMadeshwari Publicationsc2008 a249, Rathnasamy PurambSaleme636009 a98p.c20cm (pbk) aIncluded bibliographical references 2ddccENh230.64mANU c41178d41178 001040718NFICaDBADbDBADd2010-08-11eDBAD/PUBg40.00l0o230.64 ANUpEN-83305r2010-08-11 00:00:00t1v40.00w2010-08-11yEN